Nommez les mois de l'année en 4 langues - Quiz Leçon de langue 2 - Statistiques

Statistiques générales
  • Ce quiz a été pris 40 fois
  • Le résultat moyen est 41 sur 60
Statistiques - réponses
Hint Réponse % Correct
F Janvier
100%
Août
97%
August
97%
Avril
97%
December
97%
December
97%
August
97%
September
97%
Februar
97%
Février
97%
D Januar
97%
Juillet
97%
Juin
97%
June
97%
Mai
97%
Mai
97%
Mars
97%
May
97%
November
97%
November
97%
November
97%
Novembre
97%
October
97%
Octobre
97%
September
97%
September
97%
Septembre
97%
April
95%
April
95%
April
95%
Décembre
95%
July
95%
March
95%
February
89%
GB/ENG January
89%
Oktober
63%
Oktober
63%
Juli
58%
Juli
58%
Dezember
50%
März
50%
Juni
47%
Juni
47%
Maart
29%
Augustus
26%
Februari
26%
NL Januari
26%
Mei
24%
Août 31
11%
Avril 30
11%
Décembre 31
11%
Février 28
11%
Jours Janvier 31
11%
Juillet 31
11%
Juin 30
11%
Mai 31
11%
Mars 31
11%
Novembre 30
11%
Octobre 31
11%
Septembre 30
11%
Aucun quiz correspondant
Distribution des résultats
% des personnes avec chaque résultat
Percentile par nombre de réponses
Votre historique - résultats
Vous n’avez pas pris ce quiz